000 00184nam a2200073Ia 4500
008 170817s9999 xx 000 0 und d
100 _aChadha.Narender.Kumar
245 0 _aApploed Psychometry
260 _bSage Pub Delhi
999 _c38421
_d38421